[Event "2. Open de Primavera de Gros"]
[Site "San Sebastián ESP"]
[Date "2006.05.13"]
[Round "2.1"]
[White "Argandoña Rivero, Iñigo"]
[Black "Irure Crespo, Egoitz"]
[Result "1-0"]
[WhiteElo "2382"]
[BlackElo "1971"]
[PlyCount "79"]
[EventDate "2006.05.06"]
[EventType "swiss"]
[EventRounds "9"]
[EventCountry "ESP"]
[Source "lmi"]
[SourceDate "2006.06.18"]

1. b3 d5 2. Bb2 Bf5 3. f4 e6 4. Nf3 Nf6 5. e3 c5 6. Ne5 Nc6 7. Bb5 Rc8 8. a4
Ne4 9. O-O Nd6 10. Bxc6+ bxc6 11. d3 f6 12. Nf3 Bg4 13. Qe1 Be7 14. Qg3 Bxf3
15. Qxg7 Kd7 16. Rxf3 Nf5 17. Qg4 c4 18. bxc4 Qb6 19. Bc1 dxc4 20. Nc3 cxd3 21.
cxd3 Qb3 22. Bd2 Qc2 23. Ra2 Qxd3 24. e4 Qd4+ 25. Kh1 Bc5 26. Rf1 h5 27. Qd1
Nd6 28. Rc2 Bb6 29. a5 Bxa5 30. Ne2 Qxe4 31. Bxa5 Rcg8 32. Ng3 Rxg3 33. hxg3 h4
34. g4 h3 35. Rf3 hxg2+ 36. Kxg2 Qh7 37. Rd2 Qh2+ 38. Kf1 Qh1+ 39. Ke2 Qg2+ 40.
Ke3 1-0

[Event "2. Open de Primavera de Gros"]
[Site "San Sebastián ESP"]
[Date "2006.05.13"]
[Round "2.2"]
[White "Garay Lenne, Luis Maria"]
[Black "Alonso Arburu, Juan Ignacio"]
[Result "0-1"]
[WhiteElo "1984"]
[BlackElo "2361"]
[PlyCount "72"]
[EventDate "2006.05.06"]
[EventType "swiss"]
[EventRounds "9"]
[EventCountry "ESP"]
[Source "lmi"]
[SourceDate "2006.06.18"]

1. e4 e5 2. Nf3 Nc6 3. Bb5 a6 4. Bxc6 dxc6 5. d4 exd4 6. Qxd4 Qxd4 7. Nxd4 Bd7
8. O-O O-O-O 9. Be3 Re8 10. Nd2 c5 11. N4b3 b6 12. Rfe1 g6 13. Rab1 Bg7 14. Nc1
f5 15. Ne2 Nf6 16. exf5 Bxf5 17. Rbc1 Nd5 18. c3 Nxe3 19. fxe3 Rxe3 20. Ng3 Bh6
21. Nxf5 gxf5 22. Nc4 Re4 23. Rxe4 fxe4 24. Re1 Re8 25. Kf2 Kd7 26. Ne3 Kc6 27.
g4 Bf4 28. h4 b5 29. Rd1 Bd6 30. h5 Rg8 31. Rg1 Bf4 32. Ke2 Kd6 33. c4 c6 34.
b3 Ke5 35. Rg2 h6 36. Rg1 Bg5 0-1

[Event "2. Open de Primavera de Gros"]
[Site "San Sebastián ESP"]
[Date "2006.05.13"]
[Round "2.3"]
[White "Hernandez, Elvis"]
[Black "Lakunza Plazaola, Asier"]
[Result "1-0"]
[WhiteElo "2289"]
[BlackElo "1923"]
[PlyCount "73"]
[EventDate "2006.05.06"]
[EventType "swiss"]
[EventRounds "9"]
[EventCountry "ESP"]
[Source "lmi"]
[SourceDate "2006.06.18"]

1. e4 d5 2. exd5 Qxd5 3. Nc3 Qa5 4. d4 Nf6 5. Nf3 Bf5 6. Bc4 c6 7. Bd2 e6 8.
Ne5 Nbd7 9. Nxd7 Nxd7 10. Nd5 Qd8 11. Ne3 Bg6 12. h4 h5 13. Qe2 Be7 14. O-O-O
Qc7 15. Bb3 O-O-O 16. Nc4 Bf6 17. g3 Bxd4 18. Bf4 e5 19. Rxd4 exf4 20. Nd6+ Kb8
21. gxf4 Nf6 22. Rhd1 Rd7 23. f5 Bh7 24. Nxf7 Rxf7 25. Bxf7 Qxf7 26. Qe5+ Kc8
27. Qa5 Nd5 28. Qxa7 Qxf5 29. R4d2 Kc7 30. Qd4 Qf6 31. Qc5 Nb6 32. Qa5 Qf5 33.
Qc3 Qf6 34. Qg3+ Kc8 35. Qb3 Kc7 36. a4 Ra8 37. Qg3+ 1-0

[Event "2. Open de Primavera de Gros"]
[Site "San Sebastián ESP"]
[Date "2006.05.13"]
[Round "2.4"]
[White "Salterain Gonzalez, Galder"]
[Black "Sanz Perez, Eduardo"]
[Result "1-0"]
[WhiteElo "1953"]
[BlackElo "2194"]
[PlyCount "99"]
[EventDate "2006.05.06"]
[EventType "swiss"]
[EventRounds "9"]
[EventCountry "ESP"]
[Source "lmi"]
[SourceDate "2006.06.18"]

1. e4 d6 2. d4 g6 3. Nf3 Nf6 4. Nc3 Bg7 5. Bc4 O-O 6. O-O c6 7. Re1 b5 8. Bd3
Nbd7 9. Bf4 b4 10. Ne2 Nh5 11. Bg5 c5 12. c3 h6 13. Be3 Bb7 14. cxb4 f5 15.
exf5 Bxf3 16. gxf3 gxf5 17. dxc5 Ne5 18. Nd4 f4 19. Ne6 Qd7 20. Nxf8 Qh3 21.
Be4 fxe3 22. Qd5+ Kh8 23. Ng6+ Nxg6 24. Qxa8+ Kh7 25. fxe3 Be5 26. Re2 Nf6 27.
Bxg6+ Kxg6 28. Rg2+ Kh5 29. Re1 Qh4 30. Kf1 Qc4+ 31. Kg1 Qxb4 32. Ree2 Qxc5 33.
f4 d5 34. fxe5 Qc1+ 35. Kf2 Ne4+ 36. Kf3 Qf1+ 37. Ref2 Nd2+ 38. Kf4 Qc4+ 39.
Kf5 e6+ 40. Kxe6 d4+ 41. Qd5 Qc8+ 42. Kf6 Ne4+ 43. Qxe4 Qf8+ 44. Ke6 Qe8+ 45.
Kd5 Qb5+ 46. Kxd4 Qa4+ 47. Kd3 Qd1+ 48. Kc3 Qc1+ 49. Kb3 Qd1+ 50. Ka3 1-0

[Event "2. Open de Primavera de Gros"]
[Site "San Sebastián ESP"]
[Date "2006.05.13"]
[Round "2.5"]
[White "Jaumandreu Berruta, Ignacio"]
[Black "Rodriguez Cabrera, Fco  Javier"]
[Result "0-1"]
[WhiteElo "2168"]
[BlackElo "1799"]
[PlyCount "46"]
[EventDate "2006.05.06"]
[EventType "swiss"]
[EventRounds "9"]
[EventCountry "ESP"]
[Source "lmi"]
[SourceDate "2006.06.18"]

1. e4 c5 2. Nf3 d6 3. d4 cxd4 4. Nxd4 Nf6 5. Nc3 a6 6. Bc4 e6 7. O-O Be7 8. f4
b5 9. Bb3 Bb7 10. e5 dxe5 11. fxe5 Bc5 12. Be3 Nd5 13. Qh5 O-O 14. Nxd5 Bxd5
15. Rad1 Bxb3 16. axb3 Nc6 17. c3 Qd5 18. Rf4 Qxe5 19. Qf3 Rad8 20. Re4 Qd5 21.
Rf1 Ne5 22. Qf4 Ng6 23. Qf3 f5 0-1

[Event "2. Open de Primavera de Gros"]
[Site "San Sebastián ESP"]
[Date "2006.05.13"]
[Round "2.6"]
[White "Zubia Aramburu, Mikel"]
[Black "Pinilla Santibanez, Roberto"]
[Result "0-1"]
[WhiteElo "1922"]
[BlackElo "2114"]
[PlyCount "68"]
[EventDate "2006.05.06"]
[EventType "swiss"]
[EventRounds "9"]
[EventCountry "ESP"]
[Source "lmi"]
[SourceDate "2006.06.18"]

1. c4 e5 2. Nc3 Nc6 3. g3 Bb4 4. Bg2 Bxc3 5. bxc3 Nf6 6. d4 d6 7. Nf3 Qe7 8. d5
Nb8 9. O-O O-O 10. Qc2 Nbd7 11. Nh4 Nb6 12. Qd3 Re8 13. e4 Bd7 14. h3 Rac8 15.
Be3 Na4 16. Rab1 b6 17. Rbe1 c6 18. Bd2 Rc7 19. Qc2 cxd5 20. cxd5 Rec8 21. Re3
Rc4 22. Rc1 Nc5 23. f3 Nh5 24. Be1 Qg5 25. f4 exf4 26. gxf4 Qxf4 27. Bf2 Na4
28. Qe2 Qg5 29. Nf5 Qxg2+ 30. Kxg2 Nf4+ 31. Kh2 Nxe2 32. Rxe2 Bxf5 33. exf5 Kf8
34. Bd4 Rxd4 0-1

[Event "2. Open de Primavera de Gros"]
[Site "San Sebastián ESP"]
[Date "2006.05.13"]
[Round "2.7"]
[White "Ladron de Guevara, Francisco Javier"]
[Black "Aizpurua Zubiria, Inaki"]
[Result "1-0"]
[WhiteElo "2104"]
[BlackElo "1748"]
[PlyCount "41"]
[EventDate "2006.05.06"]
[EventType "swiss"]
[EventRounds "9"]
[EventCountry "ESP"]
[Source "lmi"]
[SourceDate "2006.06.18"]

1. d4 Nf6 2. Nf3 g6 3. c4 Bg7 4. Nc3 O-O 5. Bf4 d6 6. e3 Nbd7 7. Be2 a6 8. O-O
Re8 9. h3 e5 10. dxe5 dxe5 11. Nxe5 Qe7 12. Nxd7 Bxd7 13. Bxc7 Bc6 14. Qd6 Qxd6
15. Bxd6 Re6 16. Ba3 Re5 17. Rfd1 Rg5 18. Bf1 Bd7 19. Be7 Bxh3 20. Bxf6 Bxf6
21. Ne4 1-0

[Event "2. Open de Primavera de Gros"]
[Site "San Sebastián ESP"]
[Date "2006.05.13"]
[Round "2.8"]
[White "Juez Villar, Erik"]
[Black "Manso Marquez, Felix"]
[Result "0-1"]
[WhiteElo "1756"]
[BlackElo "2098"]
[PlyCount "54"]
[EventDate "2006.05.06"]
[EventType "swiss"]
[EventRounds "9"]
[EventCountry "ESP"]
[Source "lmi"]
[SourceDate "2006.06.18"]

1. d4 Nf6 2. c4 e6 3. Nc3 Bb4 4. e3 O-O 5. Bd3 d5 6. Nge2 b6 7. a3 Be7 8. O-O
c5 9. Nf4 Bb7 10. dxc5 dxc4 11. Bxc4 Bxc5 12. Qe2 Nc6 13. b4 Bd6 14. Rd1 Qe7
15. Bb2 Rac8 16. Nb5 Bb8 17. Nh5 Nxh5 18. Qxh5 a6 19. Nd4 Ne5 20. Bb3 Nc4 21.
Bc3 Nxe3 22. Rd3 Nxg2 23. Rh3 h6 24. Nxe6 fxe6 25. Qg6 Nf4 26. Bxe6+ Nxe6 27.
Re1 Qg5+ 0-1

[Event "2. Open de Primavera de Gros"]
[Site "San Sebastián ESP"]
[Date "2006.05.13"]
[Round "2.9"]
[White "Martin Alvarez, Inigo"]
[Black "Lazkano Gaite, Tomas"]
[Result "1-0"]
[WhiteElo "2092"]
[BlackElo "1739"]
[PlyCount "121"]
[EventDate "2006.05.06"]
[EventType "swiss"]
[EventRounds "9"]
[EventCountry "ESP"]
[Source "lmi"]
[SourceDate "2006.06.18"]

1. e4 c6 2. d3 e5 3. Nf3 Nf6 4. c3 d6 5. Nbd2 Be6 6. Be2 h6 7. O-O Be7 8. Re1
O-O 9. Nf1 Nbd7 10. Ng3 d5 11. d4 exd4 12. Nxd4 dxe4 13. Nxe6 fxe6 14. Nxe4 b5
15. a4 Nc5 16. Qxd8 Rfxd8 17. Nxc5 Bxc5 18. axb5 Rf8 19. Bf3 g5 20. Be3 Nd7 21.
bxc6 Bxe3 22. cxd7 Bb6 23. Bxa8 Bxf2+ 24. Kf1 Bxe1+ 25. Kxe1 Rxa8 26. Rxa7 Rd8
27. b4 Kf8 28. b5 Ke7 29. b6 Rb8 30. d8=Q+ Kxd8 31. Rh7 Rxb6 32. Rxh6 Rb3 33.
Rxe6 Rxc3 34. Kf2 Kd7 35. Re3 Rc5 36. Kf3 Kd6 37. h3 Rd5 38. Kg4 Kd7 39. Kh5
Ra5 40. Rg3 Ke7 41. Rxg5 Ra8 42. Rf5 Ke6 43. Rf2 Rg8 44. Kh4 Ke5 45. g4 Ke4 46.
Kg3 Ke5 47. h4 Ra8 48. g5 Ke6 49. h5 Ra5 50. Kg4 Ra4+ 51. Rf4 Ra1 52. h6 Rh1
53. g6 Ke5 54. Rf5+ Ke6 55. g7 Rg1+ 56. Kf4 Rf1+ 57. Ke4 Re1+ 58. Kf3 Rg1 59.
h7 Rxg7 60. h8=Q Rh7 61. Qxh7 1-0

[Event "2. Open de Primavera de Gros"]
[Site "San Sebastián ESP"]
[Date "2006.05.13"]
[Round "2.10"]
[White "Iglesias Gonzalez, Veronica"]
[Black "Tung, Kai Ming"]
[Result "0-1"]
[WhiteElo "1746"]
[BlackElo "2065"]
[PlyCount "136"]
[EventDate "2006.05.06"]
[EventType "swiss"]
[EventRounds "9"]
[EventCountry "ESP"]
[Source "lmi"]
[SourceDate "2006.06.18"]

1. d4 e6 2. c4 c5 3. e3 Nf6 4. Nc3 cxd4 5. exd4 d5 6. Bg5 Be7 7. Nf3 O-O 8. c5
Nc6 9. a3 b6 10. b4 bxc5 11. dxc5 d4 12. Nb5 e5 13. Bxf6 Bxf6 14. Bd3 a5 15.
Be4 Bd7 16. O-O axb4 17. Qb1 g6 18. Nd6 bxa3 19. Nc4 Rb8 20. Qc1 Qc7 21. Rxa3
Be7 22. Nb6 f6 23. Nd5 Qd8 24. Ra6 f5 25. Nxe7+ Nxe7 26. c6 fxe4 27. Nxe5 Bxc6
28. Nxc6 Nxc6 29. Rxc6 Qd5 30. Rc5 Qb3 31. Qc4+ Qxc4 32. Rxc4 Rfd8 33. Rd1 Rb7
34. Kf1 Rbd7 35. Ke2 Kf7 36. Rc6 Rd6 37. Rc5 Ke6 38. f3 e3 39. g3 R8d7 40. f4
Rd5 41. Rc8 Ra5 42. h3 Kd5 43. Kd3 Ra3+ 44. Ke2 Ra2+ 45. Kd3 Rg2 46. g4 Rb2 47.
Re8 Rb3+ 48. Ke2 Ra3 49. Re5+ Kc4 50. Re8 Ra2+ 51. Kf3 Rh2 52. Kg3 Rd2 53. Re1
Kd3 54. Kf3 Rf7 55. Rf1 Ra7 56. Re1 Rf2+ 57. Kg3 Kd2 58. Rb1 Ra2 59. Rb4 Kc3
60. Rb7 Rg2+ 61. Kf3 Rgf2+ 62. Kg3 Ra1 63. Rc8+ Kd3 64. Rb3+ Ke2 65. Rc2+ Kf1
66. Rxf2+ exf2 67. Rb2 Ra3+ 68. Kh2 Rf3 0-1

[Event "2. Open de Primavera de Gros"]
[Site "San Sebastián ESP"]
[Date "2006.05.13"]
[Round "2.11"]
[White "Neira Garcia, Manuel"]
[Black "Boo Aldanondo, Alex"]
[Result "1-0"]
[WhiteElo "2039"]
[BlackElo "1703"]
[PlyCount "53"]
[EventDate "2006.05.06"]
[EventType "swiss"]
[EventRounds "9"]
[EventCountry "ESP"]
[Source "lmi"]
[SourceDate "2006.06.18"]

1. e4 e5 2. Nf3 d6 3. d4 exd4 4. Nxd4 Nf6 5. Nc3 Be7 6. Bc4 O-O 7. O-O Bd7 8.
f4 Nc6 9. Nf3 Bg4 10. h3 Bh5 11. g4 Nxg4 12. hxg4 Bxg4 13. Qe1 Na5 14. Bd3 f5
15. Nd5 Nc6 16. exf5 Bxf5 17. Bxf5 Rxf5 18. Qe6+ Rf7 19. Nxe7+ Qxe7 20. Qb3 Qd7
21. Rf2 Kh8 22. Bd2 Rf6 23. Rg2 b6 24. Bc3 Rf7 25. Re1 Re8 26. Rf1 Ne7 27. Qxf7
1-0

[Event "2. Open de Primavera de Gros"]
[Site "San Sebastián ESP"]
[Date "2006.05.13"]
[Round "2.12"]
[White "Alvarado Fernandez, Mikel"]
[Black "Hernandez Sanchez, Iñaki"]
[Result "1-0"]
[WhiteElo "2037"]
[BlackElo "1421"]
[PlyCount "75"]
[EventDate "2006.05.06"]
[EventType "swiss"]
[EventRounds "9"]
[EventCountry "ESP"]
[Source "lmi"]
[SourceDate "2006.06.18"]

1. d4 d5 2. Bg5 h6 3. Bh4 c6 4. e3 Bf5 5. c4 Qa5+ 6. Nc3 a6 7. a3 e6 8. b4 Qc7
9. c5 Be7 10. Bg3 Qd7 11. Na4 Qd8 12. Ne2 Nf6 13. Nec3 O-O 14. Bd3 Nbd7 15. O-O
Re8 16. Qc2 Bh7 17. Bxh7+ Nxh7 18. Nb2 Nhf6 19. a4 Nh5 20. Nd3 Bg5 21. Bd6 Be7
22. Bxe7 Qxe7 23. f4 f5 24. b5 a5 25. Rab1 Nb8 26. Ne5 Rc8 27. Rb2 Kh7 28. g4
Nf6 29. gxf5 Kg8 30. fxe6 Qxe6 31. Qg6 Rc7 32. f5 Qe7 33. b6 Rc8 34. Rg2 Nbd7
35. Qxh6 Nxe5 36. dxe5 Ne4 37. Nxe4 dxe4 38. f6 1-0

[Event "2. Open de Primavera de Gros"]
[Site "San Sebastián ESP"]
[Date "2006.05.20"]
[Round "3.1"]
[White "Tung, Kai Ming"]
[Black "Argandoña Rivero, Iñigo"]
[Result "0-1"]
[WhiteElo "2065"]
[BlackElo "2382"]
[PlyCount "90"]
[EventDate "2006.05.06"]
[EventType "swiss"]
[EventRounds "9"]
[EventCountry "ESP"]
[Source "lmi"]
[SourceDate "2006.06.18"]

1. e4 c6 2. d4 g6 3. f4 d5 4. e5 h5 5. Bd3 Nh6 6. Nf3 Bg4 7. h3 Bxf3 8. Qxf3 e6
9. Be3 Nf5 10. Bf2 Qb6 11. Bxf5 Qxb2 12. Qb3 Qxb3 13. axb3 gxf5 14. Bh4 c5 15.
dxc5 Bxc5 16. Bf2 Nd7 17. Bxc5 Nxc5 18. Nc3 Ke7 19. Nb5 a6 20. Nd4 Ne4 21. O-O
Rac8 22. Rf3 Rc5 23. Kh2 Rhc8 24. Re3 Kf8 25. Kg1 Kg7 26. Rd3 Kh6 27. Re3 Nc3
28. Rd3 Nb5 29. Nxb5 Rxb5 30. Ra2 Rbc5 31. Rd2 Kg6 32. Kf2 Rc3 33. Re2 d4 34.
Rb2 d3 35. cxd3 Rxd3 36. Re3 Rcc3 37. Rxd3 Rxd3 38. b4 Rd5 39. Ke3 Rb5 40. Kd4
a5 41. Kc4 Rxb4+ 42. Rxb4 axb4 43. h4 f6 44. Kxb4 fxe5 45. fxe5 f4 0-1

[Event "2. Open de Primavera de Gros"]
[Site "San Sebastián ESP"]
[Date "2006.05.20"]
[Round "3.2"]
[White "Alonso Arburu, Juan Ignacio"]
[Black "Neira Garcia, Manuel"]
[Result "1-0"]
[WhiteElo "2361"]
[BlackElo "2039"]
[PlyCount "47"]
[EventDate "2006.05.06"]
[EventType "swiss"]
[EventRounds "9"]
[EventCountry "ESP"]
[Source "lmi"]
[SourceDate "2006.06.18"]

1. c4 Nc6 2. g3 e5 3. Bg2 Nf6 4. Nc3 Bb4 5. Nd5 Bc5 6. e3 O-O 7. Ne2 Re8 8. O-O
h6 9. h3 a5 10. a3 Rb8 11. Qc2 Na7 12. b4 Bf8 13. Bb2 Nxd5 14. cxd5 c6 15. f4
exf4 16. Rxf4 Bd6 17. Rxf7 Kxf7 18. Qh7 Be5 19. Rf1+ Bf6 20. Bxf6 Qxf6 21.
Rxf6+ Kxf6 22. Nf4 Kf7 23. Qg6+ Kf8 24. Qd6+ 1-0

[Event "2. Open de Primavera de Gros"]
[Site "San Sebastián ESP"]
[Date "2006.05.20"]
[Round "3.3"]
[White "Zulaika Centeno, Ander"]
[Black "Hernandez, Elvis"]
[Result "1-0"]
[WhiteElo "2009"]
[BlackElo "2289"]
[PlyCount "145"]
[EventDate "2006.05.06"]
[EventType "swiss"]
[EventRounds "9"]
[EventCountry "ESP"]
[Source "lmi"]
[SourceDate "2006.06.18"]

1. e4 e6 2. d4 d5 3. Nc3 Bb4 4. e5 c5 5. a3 Bxc3+ 6. bxc3 Ne7 7. a4 Nbc6 8. Nf3
Qa5 9. Bd2 Bd7 10. Bb5 c4 11. O-O f6 12. Re1 O-O-O 13. Qe2 h6 14. Reb1 f5 15.
Ra2 Kb8 16. Bc1 Ka8 17. Ba3 Qxc3 18. a5 Qxa5 19. Bxc6 Nxc6 20. c3 Rde8 21. Qb2
b5 22. Bc5 Qc7 23. Rba1 Rb8 24. Bd6 Qc8 25. Bxb8 Qxb8 26. Ne1 Rc8 27. Nc2 Rc7
28. Nb4 Nxb4 29. Qxb4 Bc8 30. Ra5 Bd7 31. Ra6 Bc8 32. Rd6 Bd7 33. Rb1 Qc8 34.
Qa5 Rb7 35. Ra6 Qb8 36. Ra1 Qc7 37. Qb4 Bc8 38. R6a5 Bd7 39. Qf8+ Bc8 40. Qb4
Bd7 41. R1a2 Be8 42. Qf8 Qf7 43. Qb4 g5 44. Qc5 Qd7 45. Rb2 Qe7 46. Qc8+ Rb8
47. Qa6 Rb7 48. Raa2 Kb8 49. Ra1 Rb6 50. Qa5 f4 51. Rab1 Qh7 52. Qa3 Qf7 53.
Ra1 g4 54. Rba2 a6 55. Qb4 Kb7 56. Qb1 f3 57. Qd1 Qh5 58. Qf1 Bg6 59. Qe1 Be4
60. Rd1 Qh4 61. Qe3 Rc6 62. Rda1 fxg2 63. Qf4 Qe7 64. Qxg4 Rb6 65. f3 Bf5 66.
Qxg2 b4 67. cxb4 Qxb4 68. Qg7+ Ka8 69. Rxa6+ Rxa6 70. Rxa6+ Kb8 71. Qa7+ Kc8
72. Rc6+ Kd8 73. Qa8+ 1-0

[Event "2. Open de Primavera de Gros"]
[Site "San Sebastián ESP"]
[Date "2006.05.20"]
[Round "3.4"]
[White "Pinilla Santibanez, Roberto"]
[Black "Alvarado Fernandez, Mikel"]
[Result "1-0"]
[WhiteElo "2114"]
[BlackElo "2037"]
[PlyCount "105"]
[EventDate "2006.05.06"]
[EventType "swiss"]
[EventRounds "9"]
[EventCountry "ESP"]
[Source "lmi"]
[SourceDate "2006.06.18"]

1. e4 d5 2. exd5 Nf6 3. Nc3 Nxd5 4. Nf3 Bg4 5. Nxd5 Qxd5 6. Be2 e6 7. O-O Be7
8. d4 O-O 9. Bf4 c6 10. c3 Nd7 11. Re1 Qa5 12. Qb3 Qb6 13. Qc2 Bf5 14. Qc1 Rac8
15. Nd2 Qd8 16. Nc4 Nb6 17. Ne5 Nd5 18. Bg3 Bh4 19. Bf3 Bxg3 20. hxg3 Re8 21.
Qd2 h6 22. c4 Nf6 23. Rad1 Nd7 24. Qf4 Nxe5 25. Rxe5 Qg5 26. Qxg5 hxg5 27. g4
Bg6 28. Rxg5 b6 29. d5 cxd5 30. cxd5 e5 31. d6 Rcd8 32. Bd5 Kh7 33. Bb3 f6 34.
Rf5 Bxf5 35. gxf5 g6 36. g4 Kh6 37. Bf7 gxf5 38. gxf5 Kg5 39. Be6 Kf4 40. Kf1
e4 41. Ke2 Ke5 42. Rd5+ Kf4 43. Rd4 Ke5 44. Ke3 Rxe6 45. fxe6 Kxe6 46. Kxe4
Rxd6 47. Rxd6+ Kxd6 48. Kf5 Ke7 49. Kg6 Ke6 50. f4 a6 51. b3 b5 52. f5+ Ke7 53.
b4 1-0

[Event "2. Open de Primavera de Gros"]
[Site "San Sebastián ESP"]
[Date "2006.05.20"]
[Round "3.5"]
[White "Galarza Cenzano, Inigo"]
[Black "Ladron de Guevara, Francisco Javier"]
[Result "0-1"]
[WhiteElo "1997"]
[BlackElo "2104"]
[PlyCount "40"]
[EventDate "2006.05.06"]
[EventType "swiss"]
[EventRounds "9"]
[EventCountry "ESP"]
[Source "lmi"]
[SourceDate "2006.06.18"]

1. Nf3 d5 2. g3 c6 3. Bg2 Bg4 4. h3 Bh5 5. O-O Nf6 6. d3 Nbd7 7. Nbd2 e5 8. Qe1
Bc5 9. e4 O-O 10. Kh2 Re8 11. Nh4 Qc7 12. a4 a5 13. c3 Bf8 14. g4 Bg6 15. Qe2
Nc5 16. Nxg6 hxg6 17. Re1 Rad8 18. Nf1 Rd7 19. Kh1 dxe4 20. dxe4 Nd3 0-1

[Event "2. Open de Primavera de Gros"]
[Site "San Sebastián ESP"]
[Date "2006.05.20"]
[Round "3.6"]
[White "Manso Marquez, Felix"]
[Black "Darrigues, Alain"]
[Result "1/2-1/2"]
[WhiteElo "2098"]
[BlackElo "2026"]
[PlyCount "83"]
[EventDate "2006.05.06"]
[EventType "swiss"]
[EventRounds "9"]
[EventCountry "ESP"]
[Source "lmi"]
[SourceDate "2006.06.18"]

1. d4 Nf6 2. c4 c5 3. d5 e6 4. Nc3 exd5 5. cxd5 d6 6. Nf3 g6 7. Nd2 Bg7 8. e4
O-O 9. Be2 a6 10. a4 Re8 11. O-O Nbd7 12. Qc2 b6 13. Ra3 Rb8 14. Rb3 Qc7 15.
Nd1 Nxd5 16. exd5 Rxe2 17. Ne3 b5 18. axb5 axb5 19. Qd1 Rxd2 20. Qxd2 c4 21.
Ra3 Nc5 22. Nc2 Bf5 23. Nb4 Nb3 24. Rxb3 cxb3 25. Na6 Qb7 26. Nxb8 Qxb8 27. Qb4
Bd3 28. Re1 Bc4 29. Bf4 Bxb2 30. Bxd6 Qa8 31. Qd2 Bg7 32. Bb4 Bxd5 33. Rd1 b2
34. Bc3 Bxc3 35. Qxc3 Qa2 36. Qc2 Bb3 37. Qb1 Qa5 38. Re1 Qc3 39. Re8+ Kg7 40.
Re2 Qc1+ 41. Re1 Qc3 42. Re2 1/2-1/2

[Event "2. Open de Primavera de Gros"]
[Site "San Sebastián ESP"]
[Date "2006.05.20"]
[Round "3.7"]
[White "Rodriguez Cabrera, Fco  Javier"]
[Black "Martin Alvarez, Inigo"]
[Result "0-1"]
[WhiteElo "1799"]
[BlackElo "2092"]
[PlyCount "84"]
[EventDate "2006.05.06"]
[EventType "swiss"]
[EventRounds "9"]
[EventCountry "ESP"]
[Source "lmi"]
[SourceDate "2006.06.18"]

1. e4 d6 2. d4 Nf6 3. Nc3 g6 4. f4 Bg7 5. Nf3 c5 6. Be2 O-O 7. a4 cxd4 8. Nxd4
Qa5 9. Bd2 Nxe4 10. Nxe4 Qd5 11. Nb5 Qxe4 12. Nc7 Nc6 13. c3 Bh3 14. Nxa8 Bxg2
15. Rg1 Bf6 16. Qb1 Rxa8 17. Qxe4 Bxe4 18. a5 a6 19. Bg4 d5 20. f5 Ne5 21. fxg6
hxg6 22. Be2 Bh4+ 23. Kd1 Rd8 24. Ra4 f6 25. Kc1 Rc8 26. Be3 Kf7 27. Bg4 f5 28.
Be2 Kf6 29. Rb4 g5 30. Rxb7 f4 31. Bd4 f3 32. Rf1 Ke6 33. Bxa6 Ra8 34. Rb6+ Kf5
35. b4 Rxa6 36. Bxe5 Kxe5 37. Rxa6 Bd3 38. Rxf3 Bxa6 39. Kd2 g4 40. Re3+ Kd6
41. Kc2 e5 42. Kb3 Bf2 0-1

[Event "2. Open de Primavera de Gros"]
[Site "San Sebastián ESP"]
[Date "2006.05.20"]
[Round "3.12"]
[White "Sanz Perez, Eduardo"]
[Black "Hernandez Sanchez, Iñaki"]
[Result "0-1"]
[WhiteElo "2194"]
[BlackElo "1421"]
[PlyCount "72"]
[EventDate "2006.05.06"]
[EventType "swiss"]
[EventRounds "9"]
[EventCountry "ESP"]
[Source "lmi"]
[SourceDate "2006.06.18"]

1. e4 e5 2. Nf3 Nc6 3. Bb5 Bc5 4. O-O d6 5. c3 Qe7 6. d4 Bb6 7. d5 Bd7 8. dxc6
bxc6 9. Bc4 h6 10. Re1 Nf6 11. Be3 c5 12. Nbd2 O-O 13. Qc2 c6 14. Nf1 d5 15.
exd5 cxd5 16. Bb3 e4 17. Bf4 g5 18. Bg3 Qe8 19. Bd6 c4 20. Bxc4 dxc4 21. Bxf8
Qxf8 22. N3d2 Ng4 23. Nxe4 f5 24. h3 Ne5 25. Neg3 Nd3 26. Re2 f4 27. Nh1 f3 28.
gxf3 Qxf3 29. Nh2 Qxh3 30. Re4 Bc6 31. Qe2 h5 32. Nf3 Nf4 33. Rxf4 gxf4 34.
Qxc4+ Kh8 35. Qxf4 Rg8+ 36. Ng3 Rxg3+ 0-1

[Event "2. Open de Primavera de Gros"]
[Site "San Sebastián ESP"]
[Date "2006.05.27"]
[Round "4.1"]
[White "Argandoña Rivero, Iñigo"]
[Black "Zulaika Centeno, Ander"]
[Result "1/2-1/2"]
[WhiteElo "2382"]
[BlackElo "2009"]
[PlyCount "128"]
[EventDate "2006.05.06"]
[EventType "swiss"]
[EventRounds "9"]
[EventCountry "ESP"]
[Source "lmi"]
[SourceDate "2006.06.18"]

1. d4 d5 2. Bg5 h6 3. Bh4 c6 4. e3 Qb6 5. Nd2 Bf5 6. Ngf3 Nd7 7. Qc1 Ngf6 8.
Be2 e6 9. O-O Be7 10. c4 O-O 11. c5 Qd8 12. b4 Ne4 13. Bxe7 Qxe7 14. Nxe4 Bxe4
15. Nd2 Bh7 16. f4 Kh8 17. Qc3 Nf6 18. a4 Ne4 19. Nxe4 Bxe4 20. Bd3 f5 21. b5
g5 22. Ra2 Rg8 23. Bxe4 fxe4 24. Raf2 gxf4 25. exf4 Rg6 26. Qe3 Rag8 27. Kh1
Qh4 28. Kg1 Qe7 29. Rb2 h5 30. f5 exf5 31. Rxf5 Qh4 32. Rbf2 Qg4 33. Qe2 Qxe2
34. Rxe2 Rg5 35. Rxg5 Rxg5 36. Kf2 Kg7 37. Rb2 Kf8 38. bxc6 bxc6 39. Rb8+ Ke7
40. Rb7+ Kd8 41. Rxa7 Rf5+ 42. Ke3 Rf1 43. a5 Ra1 44. a6 Ra2 45. g3 Kc8 46. Rh7
Rxa6 47. Rxh5 Ra3+ 48. Ke2 Kd7 49. g4 Ra2+ 50. Ke3 Ra3+ 51. Kf2 Ra2+ 52. Kg3
Ra3+ 53. Kh4 Ke7 54. Rh7+ Kf8 55. Rh6 Rd3 56. Rxc6 Rxd4 57. Rd6 Ke7 58. Kg3
Rd3+ 59. Kf2 d4 60. Ke2 Re3+ 61. Kd2 Rd3+ 62. Ke2 Re3+ 63. Kd2 Rd3+ 64. Ke2
Re3+ 1/2-1/2

[Event "2. Open de Primavera de Gros"]
[Site "San Sebastián ESP"]
[Date "2006.05.27"]
[Round "4.2"]
[White "Ladron de Guevara, Francisco Javier"]
[Black "Alonso Arburu, Juan Ignacio"]
[Result "0-1"]
[WhiteElo "2104"]
[BlackElo "2361"]
[PlyCount "63"]
[EventDate "2006.05.06"]
[EventType "swiss"]
[EventRounds "9"]
[EventCountry "ESP"]
[Source "lmi"]
[SourceDate "2006.06.18"]

1. d4 Nf6 2. Nf3 e6 3. e3 b6 4. c4 Bb7 5. Bd3 Ne4 6. O-O f5 7. Nc3 Nxc3 8. bxc3
Be7 9. Qe2 O-O 10. Nd2 c5 11. Bb2 Nc6 12. Rad1 e5 13. f3 d6 14. Nb3 Qe8 15. d5
Nd8 16. Kf2 Qh5 17. Ke1 Nf7 18. Kd2 Rae8 19. e4 fxe4 20. Bxe4 Ng5 21. g3 Bc8
22. h4 Nxe4+ 23. Qxe4 Rf7 24. Kc1 Ref8 25. Nd2 Qh6 26. Qe2 Qg6 27. Rg1 h5 28.
Rdf1 Bf5 29. Rf2 Bxh4 30. Rfg2 Bg5 31. g4 hxg4 32. fxg4 0-1

[Event "2. Open de Primavera de Gros"]
[Site "San Sebastián ESP"]
[Date "2006.05.27"]
[Round "4.3"]
[White "Salterain Gonzalez, Galder"]
[Black "Pinilla Santibanez, Roberto"]
[Result "0-1"]
[WhiteElo "1953"]
[BlackElo "2114"]
[PlyCount "98"]
[EventDate "2006.05.06"]
[EventType "swiss"]
[EventRounds "9"]
[EventCountry "ESP"]
[Source "lmi"]
[SourceDate "2006.06.18"]

1. e4 c5 2. Nf3 Nc6 3. d4 cxd4 4. Nxd4 Nf6 5. Nc3 d6 6. Be3 a6 7. f3 e6 8. Qd2
Be7 9. O-O-O O-O 10. g4 Qc7 11. h4 Rd8 12. h5 d5 13. g5 Ne8 14. exd5 exd5 15.
g6 Bf6 16. f4 Nxd4 17. Bxd4 Bf5 18. gxh7+ Kh8 19. h6 Rac8 20. Bh3 Bxh3 21. Rxh3
b5 22. Rg1 g6 23. f5 Kxh7 24. fxg6+ fxg6 25. Qg2 Qf7 26. Rf3 Rc6 27. Rgf1 Qe7
28. Bxf6 Nxf6 29. Qg5 Rdd6 30. Re3 Re6 31. Rfe1 d4 32. Rxe6 Rxe6 33. Rxe6 Qxe6
34. Nd1 Ne4 35. Qf4 g5 36. Qf3 Kxh6 37. c3 dxc3 38. Nxc3 Nxc3 39. Qxc3 g4 40.
Qg3 Kg5 41. Kd2 Qe4 42. Qg1 Qf4+ 43. Kd3 g3 44. Qg2 Kg4 45. Ke2 Qc4+ 46. Ke3
Qc1+ 47. Kd3 Qe1 48. a3 Kf4 49. b3 Qe3+ 0-1